| 000 | 01074 a2200205 4500 | ||
|---|---|---|---|
| 005 | 20080916110438.0 | ||
| 008 | 080916t xxu||||| |||| 00| 0 hin d | ||
| 010 | _aHIN-80879 | ||
| 020 |
_c500.00 _a8185599750 |
||
| 035 | _aHN-53225 | ||
| 037 | _bD.B.Act / pub | ||
| 082 | _a170 | ||
| 100 | _aगुप्ता, रेणु | ||
| 245 |
_aस्मृतियों में आचारःआधुनिक भारत के संदर्भ में _cरेणु गुप्ता |
||
| 260 |
_aजम्मू _bयाक पब्लिशिंग चैनल _c2007 |
||
| 300 |
_a219पृ _c22 सेमी (सजिल्द) |
||
| 270 |
_aपोसेट बाक्स नं. 130, पक्का डंगा, बड़ा बेहड़ा _bजम्मू _e180001 |
||
| 942 |
_adpl _cHN _k170 / गुप्तारे _2ddc _h170 _mगुप्तारे |
||
| 999 |
_c7219 _d7219 |
||